Responses for show #3923 - Wednesday, September 26, 2001

2001 Back to School Week game 3.

Contestants

[<< previous game]

Ivan Kleinfeld, an 11-year-old from Arlington, Virginia

Sara Jansson, a 10-year-old from Monmouth Junction, New Jersey

Brian Cunningham, a 12-year-old from Los Angeles, California

[next game >>]

Jeopardy! Round responses

HARRY POTTER
AROUND THE HOUSE
AMERICAN HISTORY
DAYTIME TV
RIGHT ON THE MONEY
10, 11 OR 12
    $100 1
England

Ivan
    $100 25
a fan

Brian
    $100 6
(Sara: What is California?)

Texas

SaraIvan
    $100 9
Mr. Rogers

Sara
    $100 19
the Lincoln Memorial

Sara
    $100 14
10

Brian
    $200 2
a lightning bolt

Ivan
    $200 26
(Brian: Um, the handlebar...)
(Alex: No, I need more...)
(Brian: [*]!)
(Alex: That's it! But you didn't phrase it in the form of a question. However, it's okay--in the first round, we let you get away with it. Less than a minute to go.)

banister

Brian
    $200 7
Native Americans

Triple Stumper
    $200 10
MiB (Men in Black)

Brian
    $200 20
Denver

Sara
    $200 15
11

Ivan
    $300 3
invisible

Sara
    $300 27
a quilt

Ivan
    $300 8
time zones

Triple Stumper
    $300 11
Sabrina

Sara
    $300 21
Franklin D. Roosevelt

Sara
    $300 16
12

Ivan
    $400 4
Ronald Weasley

Ivan
    $400 29
(Ivan: What is a sun--a sun, um, light--sunroof?)

a skylight

Ivan
Triple Stumper
    $400 24
(Ivan: What is Ohio?)

New York

SaraIvan
    $400 12
the Power Rangers

Ivan
    $1,200 22
Mt. Rushmore

Sara
    $400 17
10

Ivan
    $500 5
Quidditch

Ivan
    $500 30
(Brian: What is a plumber--I mean, [*]?)
(Alex: Whoa, that's it, you got it! There you go.)

a plunger

Brian
    $500 28
(Alex: In honor of King Louis, he called it [*].)

Louisiana

Triple Stumper
    $500 13
(Alex: I bet your moms watch a lot of [*]. I know I do.)

Oprah

Triple Stumper
    $500 23
private

Sara
    $500 18
12

Brian

Scores at the first commercial break (after clue 15):

Brian Sara Ivan
$300 $600 $1,900

Scores at the end of the Jeopardy! Round:

Brian Sara Ivan
$1,600 $3,300 $2,100

Double Jeopardy! Round responses

HARRY THE POTTER
FOR THE BIRDS
WORLD CAPITALS
LITERARY TITLE CHARACTERS
MATH
AR"GH"
    $200 7
baking it (kneading it accepted)

Brian
    $200 15
(Ivan: What is a sparrow?)

a hummingbird

SaraIvan
    $200 2
Madrid

Ivan
    $200 11
Winnie-the-Pooh

Sara
    $200 20
lowest common denominator

Brian
    $200 1
a knight

Sara
    $400 10
(Brian: What is Japan?)

China

BrianSara
    $400 16
(Sara: What are their wings?)
...
(Alex: Quite often, it's the male who does it. The eggs are on [*]. They just sort of squat on them.)

their feet

Sara
Triple Stumper
    $400 3
Cairo

Triple Stumper
    $400 12
Mary Poppins

Ivan
    $400 21
(Sara: What is 9?)

13

Sara
Triple Stumper
    $400 8
high definition

Brian
    $600 25
(Alex: A minute to go now.)

pinching

Brian
    $600 18
a sea gull

Brian
    $600 4
Brasília

Ivan
    $600 13
Oliver Twist

Sara
    $600 22
27

Brian
    $600 9
a ghost writer

Triple Stumper
    $800 26
a sponge

Triple Stumper
    $800 28
(Ivan: What is a crane?)

owls

Ivan
    $800 5
Beijing

Ivan
    $800 14
Hans Brinker

Triple Stumper
    $800 23
repeating

Brian
    $800 19
Buckingham Palace

Ivan
    $1000 30
(Sara: What is blind?)

glaze

BrianSara
    $1000 29
a peacock

Sara
    $1000 6
(Alex: He was the Duke of [*].)

Wellington

Triple Stumper
    $500 17
(Sara: I don't know.)

the prince & the pauper

Sara
    $1000 24
132

Ivan
    $1000 27
Charles Lindbergh

Ivan

Scores at the end of the Double Jeopardy! Round:

Brian Sara Ivan
$5,600 $3,600 $5,900

[wagering suggestions for these scores]

Final Jeopardy! Round responses

IT'S ABOUT TIME
(Alex: [To Sara] ...yes--in order to keep us in sync with the sun.)
SaraWhat is a second?
$3,600
BrianWhat is a day day
$500
IvanWhat are Seconds
$2,100
a second

Final scores:

Brian Sara Ivan
$5,100 $7,200 $8,000
3rd place: $5,100 2nd place: $7,200 Winner: $8,000

Game dynamics:

Coryat scores:

Brian Sara Ivan
$5,600 $3,300 $6,700
14 R,
1 W
15 R
(including 1 DD),
5 W
(including 1 DD)
17 R,
4 W
(including 1 DD)

Combined Coryat: $15,600

The J! Archive is created by fans, for fans. The Jeopardy! game show and all elements thereof, including but not limited to copyright and trademark thereto, are the property of Jeopardy Productions, Inc. and are protected under law. This website is not affiliated with, sponsored by, or operated by Jeopardy Productions, Inc. Join the discussion at JBoard.tv.